<?xml version='1.0' encoding='UTF-8'?>
  <record xmlns="http://www.loc.gov/MARC21/slim">
    <leader>00000cdm a22000007c 4500</leader>
    <controlfield tag="001">ocn965407615</controlfield>
    <controlfield tag="003">OCoLC</controlfield>
    <controlfield tag="005">20250313042835.9</controlfield>
    <controlfield tag="008">150219q11301450ne   |         z    lat d</controlfield>
    <datafield tag="040" ind1=" " ind2=" ">
      <subfield code="a">QGJ</subfield>
      <subfield code="b">dut</subfield>
      <subfield code="c">QGJ</subfield>
      <subfield code="d">QGJ</subfield>
      <subfield code="d">OCLCQ</subfield>
    </datafield>
    <datafield tag="035" ind1=" " ind2=" ">
      <subfield code="a">(OCoLC)965407615</subfield>
    </datafield>
    <datafield tag="245" ind1="0" ind2="0">
      <subfield code="a">Antiphonale.</subfield>
      <subfield code="h">[muziekhandschrift]</subfield>
      <subfield code="f">UBU Hs. 406 (Hs 3 J 7).</subfield>
    </datafield>
    <datafield tag="246" ind1="3" ind2=" ">
      <subfield code="a">Antiphonale de nocte</subfield>
    </datafield>
    <datafield tag="246" ind1="3" ind2=" ">
      <subfield code="a">Antiphonarium</subfield>
    </datafield>
    <datafield tag="260" ind1=" " ind2=" ">
      <subfield code="a">[Utrecht?]</subfield>
      <subfield code="c">[1130-1450]</subfield>
    </datafield>
    <datafield tag="300" ind1=" " ind2=" ">
      <subfield code="a">1 partituur (256 fol.) :</subfield>
      <subfield code="c">325 x 255 mm.</subfield>
    </datafield>
    <datafield tag="336" ind1=" " ind2=" ">
      <subfield code="a">notated music</subfield>
      <subfield code="b">ntm</subfield>
      <subfield code="2">rdacontent</subfield>
    </datafield>
    <datafield tag="337" ind1=" " ind2=" ">
      <subfield code="a">unmediated</subfield>
      <subfield code="b">n</subfield>
      <subfield code="2">rdamedia</subfield>
    </datafield>
    <datafield tag="338" ind1=" " ind2=" ">
      <subfield code="a">volume</subfield>
      <subfield code="b">nc</subfield>
      <subfield code="2">rdacarrier</subfield>
    </datafield>
    <datafield tag="340" ind1=" " ind2=" ">
      <subfield code="a">perkament</subfield>
      <subfield code="k">2 kolommen, 13-14 regels, littera prae-gothica en littera textualis.</subfield>
    </datafield>
    <datafield tag="500" ind1=" " ind2=" ">
      <subfield code="a">Retro-invoer Handschriften UB Utrecht.</subfield>
    </datafield>
    <datafield tag="500" ind1=" " ind2=" ">
      <subfield code="a">Datering: fol. 5-135, 152-233: 12de eeuw; fol. 142-151: toevoegingen uit de 13de eeuw; fol. 136-141: toevoegingen uit de eerste helft van de 14de eeuw; fol.1-4 en 234-242: toevoegingen uit de tweede helft van de 14de eeuw; fol. 243-256: toevoegingen uit de eerste helft van de 15de eeuw.</subfield>
    </datafield>
    <datafield tag="524" ind1=" " ind2=" ">
      <subfield code="a">Te citeren als: Universiteitsbibliotheek Utrecht Hs. 406 (Hs 3 J 7).</subfield>
    </datafield>
    <datafield tag="581" ind1=" " ind2=" ">
      <subfield code="a">P.A. Tiele, Catalogus codicum manu scriptorum Bibliothecae Universitatis Rheno-Trajectinae. I. Trajecti ad Rhenum / Hagae Comitis 1887. P. 406.</subfield>
    </datafield>
    <datafield tag="581" ind1=" " ind2=" ">
      <subfield code="a">J. van Mierlo Jr. S.J., 'Een Utrechts Antiphonarium. Bijdrage tot de geschiedenis van het liturgisch drama in de Nederlanden'. In: Leuvensche bijdragen, 8 (1908-1909). P. 1-75.</subfield>
    </datafield>
    <datafield tag="581" ind1=" " ind2=" ">
      <subfield code="a">A. Hulshof, Catalogus codicum manu scriptorum Bibliothecae Universitatis Rheno-Traiectinae. II. Traiecti ad Rhenum 1909. P. 63-64.</subfield>
    </datafield>
    <datafield tag="581" ind1=" " ind2=" ">
      <subfield code="a">Corpus scriptorum de musica 4. Ed. G. Reaney. Rome 1955. P. 64.</subfield>
    </datafield>
    <datafield tag="581" ind1=" " ind2=" ">
      <subfield code="a">M.M. van Petersen-Van Delft, Tropen in Utrechtse manuscripten. Doctoraalscriptie, Univ. Utrecht, ca. 1960. P. 48-54, 55-56.</subfield>
    </datafield>
    <datafield tag="581" ind1=" " ind2=" ">
      <subfield code="a">Het Adriaansofficie. Critische uitgave volgens Ms. Utr. UB. 406 door een team van candidaten in de Muziekwetenschap o.l.v. H. Wagenaar-Nolthenius. Utrecht 1968. (= Scripta musicologica Ultrajectina) 2).</subfield>
    </datafield>
    <datafield tag="581" ind1=" " ind2=" ">
      <subfield code="a">R.J. de Neeve, Historia de transfiguracione Ihesu Christi. Critische uitgave volgens Ms. Utr. UB 406. Utrecht 1971 (gestencild). (= Scripta musicologica Ultrajectina. Werkstukken van Utrechtse musicologen 3).</subfield>
    </datafield>
    <datafield tag="581" ind1=" " ind2=" ">
      <subfield code="a">Handschriften en oude drukken van de Utrechtse Universiteitsbibliotheek. Catalogus bij de tentoonstelling in het Centraal Museum te Utrecht ter gelegenheid van het 400-jarig bestaan van de bibliotheek der Rijksuniversiteit, 1584-1984. Utrecht 1984. P. 143-144 nr. 57.</subfield>
    </datafield>
    <datafield tag="581" ind1=" " ind2=" ">
      <subfield code="a">I. de Loos, Antifonale Utrecht, Universiteitsbibliotheek 406. Scriptie Universiteit Leiden, Westerse paleografie en handschriftenkunde, 1986.</subfield>
    </datafield>
    <datafield tag="581" ind1=" " ind2=" ">
      <subfield code="a">I. de Loos, De muzieknotatie van Ms. Utrecht U.B. 406. Doctoraalscriptie Muziekwetenschap Universiteit Utrecht, 1987.</subfield>
    </datafield>
    <datafield tag="581" ind1=" " ind2=" ">
      <subfield code="a">F. Lochner, La culture musicale de l'abbay d'Echternach au Moyen Age. Dissertatie Univ. Libre, Brussel. 2 vols. Brussel 1987-1988. Vol. 2, Annexes II-IV (transcriptie van Willibrord officie van Hs. 406).</subfield>
    </datafield>
    <datafield tag="581" ind1=" " ind2=" ">
      <subfield code="a">I. de Loos, 'Het manuscript Utrecht, Universiteitsbibliotheek, 406', in: Tijdschrift voor gregoriaans, 13 (1988), nr. 2, p. 55-62.</subfield>
    </datafield>
    <datafield tag="581" ind1=" " ind2=" ">
      <subfield code="a">M. van Vlierden, Utrecht een hemel op aarde. Tent. cat. Rijksmuseum Het Catharijneconvent, Utrecht. Zutphen 1988. (= Clavis kunsthistorische monografieën 6). P. 80 nr. 90, afb. op p. 80 [fol. 111v].</subfield>
    </datafield>
    <datafield tag="581" ind1=" " ind2=" ">
      <subfield code="a">I. de Loos, 'Der Neumenbuchstabe S als chromnatisches Zeichen im Antiphonale Utrecht, Universitätsbibliothek 406, aus dem 12. Jahrhundert'. In: Tijdschrift van de Vereniging voor Nederlandse muziekgeschiedenis, 31 (1989). P. 5-27.</subfield>
    </datafield>
    <datafield tag="581" ind1=" " ind2=" ">
      <subfield code="a">K. van der Horst, Illuminated and decorated medieval manuscripts in the University Library, Utrecht. An illustrated catalogue. Maarssen / 's-Gravenhage 1989. P. 4 nr. 6, afb. 42-46.</subfield>
    </datafield>
    <datafield tag="581" ind1=" " ind2=" ">
      <subfield code="a">I. de Loos, 'De neumletter S als chromatische aanwijzing in het Antifonale Utrecht, UB, 406', in: Tijdschrift voor gregoriaans, 15 (1990), nr. 2, p. 50-55.</subfield>
    </datafield>
    <datafield tag="581" ind1=" " ind2=" ">
      <subfield code="a">In natali Sancti Willibrordi primi Traiectensis Ecclesiae Archiepiscopi. Metten van Sint Willibrord. Antifonen en responsories uit het Antifonale van Utrecht XIIe eeuw Utrecht UB 406. Schola cantorum 'Karolus Magnus', dirigent Fred Schneyderberg. Nijmegen 1990.</subfield>
    </datafield>
    <datafield tag="581" ind1=" " ind2=" ">
      <subfield code="a">I. de Loos, Voorlopige inventaris van de Antifonales Utrecht UB 406 en 407, Karlruhe Aug. Perg. 60 en het Antifonale uit St. Denis (Parijs BN 17296). Typoscript, 1991.</subfield>
    </datafield>
    <datafield tag="581" ind1=" " ind2=" ">
      <subfield code="a">A.M. J. Zijlstra, Tractatus de musica et tonarius, e codice Bibliothecae Universitatis Ultraiectensis (Utrecht UB 406). Uitgave onder red. van A. M. J. Zijlstra. Utrecht 1993. (editie van: fol. 228v-233v).</subfield>
    </datafield>
    <datafield tag="581" ind1=" " ind2=" ">
      <subfield code="a">I. de Loos, Langzaam en slaperig: een studie naar de uitvoeringspraktijk van het officie-repertoire aan de hand van de responsories van de eerste Vastenzondag. Scriptie voor het examen Gregoriaans-B, Rijksconservatorium, Maastricht.</subfield>
    </datafield>
    <datafield tag="581" ind1=" " ind2=" ">
      <subfield code="a">J.F.H. de Loos, Duitse en Nederlandse muzieknotaties in de 12e en 13e eeuw. Dissertatie Universiteit Utrecht. Utrecht 1996. P. 251-259, passim.</subfield>
    </datafield>
    <datafield tag="581" ind1=" " ind2=" ">
      <subfield code="a">I. de Loos, 'Ein Beispiel der Computeranalyse mittelalterliche Neumen: das Quilisma im Antophonar U 406 (12. Jh.)'. In: Musicologica Austriaca, 14/15 (1996), p. 173-181. (= Gregorianik. Studien zu Notation und Auffuhrungspraxis).</subfield>
    </datafield>
    <datafield tag="581" ind1=" " ind2=" ">
      <subfield code="a">Ch. Downey, An Utrecht Antiphoner. Utrecht, Bibliotheek der Rijksuniversiteit 406 (3.J.7). Printouts from an Index in Machine-readable form. A Cantus Index. Ed. by R. Steiner. Ottawa 1997. (= Musicological studies, LV, 6).</subfield>
    </datafield>
    <datafield tag="581" ind1=" " ind2=" ">
      <subfield code="a">Utrecht Bibliotheek der Rijksuniversiteit MS 406 (3.J.7). Introd. by I. de Loos, Index by Ch. Downey, ed. by R. Steiner. Ottawa 1997 (Facsimil©♭ ed.) (= Publications of mediaeval manuscripts 21).</subfield>
    </datafield>
    <datafield tag="581" ind1=" " ind2=" ">
      <subfield code="a">I. de Loos, 'Het Gregoriaans in de Lage Landen'. In: Musica Antiqua, 16 (1999). P. 5-13.</subfield>
    </datafield>
    <datafield tag="581" ind1=" " ind2=" ">
      <subfield code="a">I. de Loos, 'The transmission of the Responsoria prolixa according to the manuscripts of the St. Mary's Church Utrecht', in: Tijdschrift van de Kon. Vereniging voor de Nederlandse muziekgeschiedenis, 49 (1999). P. 5-31.</subfield>
    </datafield>
    <datafield tag="581" ind1=" " ind2=" ">
      <subfield code="a">I. de Loos, 'Plange quasi virgo. An Archaeological study of the Utrecht responsory tradition', in: The Di Martinelli Music Collection. Musical Life in Collegiate Churches in the Low Countries and Europe. Chant and Polyphony. Colloquium Proceedings 1997-1998. Eds. B. Bouckaert &amp; E. Schreurs. Leuven 2000, p. 169-191. (= Yearbook of the Alamire Foundation 4).</subfield>
    </datafield>
    <datafield tag="581" ind1=" " ind2=" ">
      <subfield code="a">G. Gerritsen-Geywitz, 'Die Chorbücher des Utrechter Marienkapitels aus kodikologischer sicht', in: Tijdschrift van de Koninklijke Vereniging voor Nederlandse Muziekgeschiedenis 53 (2003) 1-2. P. 277- 312.</subfield>
    </datafield>
    <datafield tag="581" ind1=" " ind2=" ">
      <subfield code="a">B. Jaski, 'Een codicologische queeste naar de oudste handschriften en handschriftfragmenten uit de bibliotheek van de Paulusabdij', in: De nalatenschap van de Paulusabdij in Utrecht. Red. H. van Engen &amp; K. van Vliet. Hilversum 2012, p. 103-169 (= Middeleeuwse studies en bronnen 130). p. 105 nt. 15, 146.</subfield>
    </datafield>
    <datafield tag="530" ind1=" " ind2=" ">
      <subfield code="a">Also available in online version.</subfield>
    </datafield>
    <datafield tag="655" ind1=" " ind2="7">
      <subfield code="a">Handschriften (vorm)</subfield>
      <subfield code="0">088143309</subfield>
      <subfield code="2">gtt</subfield>
    </datafield>
    <datafield tag="710" ind1="2" ind2=" ">
      <subfield code="a">Kapittel van Ste Marie (Utrecht)</subfield>
      <subfield code="e">former owner.</subfield>
      <subfield code="4">fmo</subfield>
      <subfield code="5">NL-UtRU</subfield>
    </datafield>
    <datafield tag="776" ind1="0" ind2="8">
      <subfield code="i">Online version:</subfield>
      <subfield code="t">Antiphonale.</subfield>
      <subfield code="d">[Utrecht?] [1130-1450]</subfield>
    </datafield>
    <datafield tag="856" ind1="4" ind2="1">
      <subfield code="u">http://objects.library.uu.nl/reader/resolver.php?obj=002652002&amp;type=2</subfield>
      <subfield code="x">Online</subfield>
      <subfield code="z">Full text</subfield>
    </datafield>
    <datafield tag="936" ind1=" " ind2=" ">
      <subfield code="a">BATCHLOAD</subfield>
    </datafield>
  </record>